<?xml version="1.0" encoding="UTF-8"?><?xml-stylesheet type="text/xsl" href="static/style.xsl"?><OAI-PMH xmlns="http://www.openarchives.org/OAI/2.0/" xmlns:xsi="http://www.w3.org/2001/XMLSchema-instance" xsi:schemaLocation="http://www.openarchives.org/OAI/2.0/ http://www.openarchives.org/OAI/2.0/OAI-PMH.xsd"><responseDate>2026-04-17T11:36:19Z</responseDate><request verb="GetRecord" identifier="oai:www.recercat.cat:11351/13456" metadataPrefix="marc">https://recercat.cat/oai/request</request><GetRecord><record><header><identifier>oai:recercat.cat:11351/13456</identifier><datestamp>2025-10-24T08:15:09Z</datestamp><setSpec>com_2072_378068</setSpec><setSpec>com_2072_378040</setSpec><setSpec>col_2072_378090</setSpec></header><metadata><record xmlns="http://www.loc.gov/MARC21/slim" xmlns:dcterms="http://purl.org/dc/terms/" xmlns:xsi="http://www.w3.org/2001/XMLSchema-instance" xmlns:doc="http://www.lyncode.com/xoai" xsi:schemaLocation="http://www.loc.gov/MARC21/slim http://www.loc.gov/standards/marcxml/schema/MARC21slim.xsd">
   <leader>00925njm 22002777a 4500</leader>
   <datafield ind2=" " ind1=" " tag="042">
      <subfield code="a">dc</subfield>
   </datafield>
   <datafield ind2=" " ind1=" " tag="720">
      <subfield code="a">García Egea, Andrea</subfield>
      <subfield code="e">author</subfield>
   </datafield>
   <datafield ind2=" " ind1=" " tag="720">
      <subfield code="a">Morero Beltrán, Anna</subfield>
      <subfield code="e">author</subfield>
   </datafield>
   <datafield ind2=" " ind1=" " tag="720">
      <subfield code="a">Pi-Sánchez, Aina</subfield>
      <subfield code="e">author</subfield>
   </datafield>
   <datafield ind2=" " ind1=" " tag="720">
      <subfield code="a">Martínez-Bueno, Cristina</subfield>
      <subfield code="e">author</subfield>
   </datafield>
   <datafield ind2=" " ind1=" " tag="720">
      <subfield code="a">Berenguera, Anna</subfield>
      <subfield code="e">author</subfield>
   </datafield>
   <datafield ind2=" " ind1=" " tag="720">
      <subfield code="a">Medina-Perucha, Laura</subfield>
      <subfield code="e">author</subfield>
   </datafield>
   <datafield ind2=" " ind1=" " tag="720">
      <subfield code="a">Jacques Aviñó, Constanza</subfield>
      <subfield code="e">author</subfield>
   </datafield>
   <datafield ind2=" " ind1=" " tag="720">
      <subfield code="a">Carrilero, Neus</subfield>
      <subfield code="e">author</subfield>
   </datafield>
   <datafield ind2=" " ind1=" " tag="720">
      <subfield code="a">López-Jiménez, Tomàs</subfield>
      <subfield code="e">author</subfield>
   </datafield>
   <datafield ind2=" " ind1=" " tag="260">
      <subfield code="c">2025-07-30T10:49:20Z</subfield>
   </datafield>
   <datafield ind2=" " ind1=" " tag="260">
      <subfield code="c">2025-07-30T10:49:20Z</subfield>
   </datafield>
   <datafield ind2=" " ind1=" " tag="260">
      <subfield code="c">2024-07-23</subfield>
   </datafield>
   <datafield ind2=" " ind1=" " tag="520">
      <subfield code="a">Menstruación; Inequidad menstrual; Adolescente</subfield>
   </datafield>
   <datafield ind2=" " ind1=" " tag="520">
      <subfield code="a">Menstruation; Menstrual inequity; Adolescent</subfield>
   </datafield>
   <datafield ind2=" " ind1=" " tag="520">
      <subfield code="a">Menstruació; Iniquitat menstrual; Adolescència</subfield>
   </datafield>
   <datafield ind2=" " ind1=" " tag="520">
      <subfield code="a">Objetivo: Explorar los conocimientos menstruales, el manejo menstrual, el uso de productos menstrualesy la prevalencia de la pobreza menstrual, y evaluar la aceptabilidad de una intervención de equidadmenstrual en el alumnado de cuarto curso de Educación Secundaria Obligatoria en Catalu˜na.Método: Estudio de metodología mixta posintervención (estudio transversal y estudio cualitativo congrupos de discusión) con perspectiva crítica y de género. Se llevó a cabo entre julio de 2022 y marzode 2023. Se realizaron análisis estadísticos descriptivos y bivariados estratificados por género. Los datoscualitativos se analizaron mediante análisis temático.Resultados: Participaron 828 jóvenes (53,4% mujeres) entre 14 y 18 a˜nos (media: 15,1). Las mujeres y laspersonas menstruantes valoraron favorablemente el taller, y algunos hombres mostraron resistencias.Este motivó el uso de algunos productos menstruales reutilizables, aunque se identificaron reticenciascon la copa menstrual. Las participantes indicaron barreras para el manejo menstrual en el entorno escolary el 19,4% dejó de asistir al instituto durante la menstruación en los 6 meses previos al estudio. El 10,9-16,4% reportaron pobreza menstrual en los 6 meses previos al estudio y el 29,0% tomaron acciones parareducir el impacto medioambiental de los productos menstruales.Conclusiones: Este estudio se˜nala la necesidad de codise˜nar con el alumnado intervenciones en educa-ción menstrual que consideren las dinámicas de género y las actitudes machistas, así como orientarlas alprofesorado. La provisión de productos menstruales reutilizables puede ser útil para promover su utiliza-ción, aunque debe ofrecerse un acompa˜namiento. Es necesario reforzar la educación menstrual, reducirla pobreza menstrual y disminuir el absentismo escolar durante la menstruación.</subfield>
   </datafield>
   <datafield ind2=" " ind1=" " tag="520">
      <subfield code="a">Objective: To explore menstrual knowledge, menstrual management, the use of menstrual products, theprevalence of menstrual poverty and to assess the acceptability of a menstrual equity intervention amongstudents in the fourth grade of compulsory secondary education in Catalonia (Spain).Method: Post-intervention mixed-methods study (cross-sectional study and qualitative study with focusgroups) with a critical and gender perspective. It was conducted between July 2022 and March 2023.Descriptive and bivariate statistical analyses stratified by gender were carried out. Qualitative data wereanalysed using thematic analysis. Results: Women and people who menstruate rated the intervention favourably, while some men werereluctant. The intervention promoted the use of some reusable menstrual products, although somebarriers to use menstrual cups were identified. Participants reported institutional barriers to menstrualmanagement in the school setting and 19.4% stopped attending school during menstruation in the6 months prior to the study. Between 10.9-16.4% reported menstrual poverty in the 6 months prior to thestudy, and 29,0% took actions to reduce the environmental impact of menstrual products.Conclusions: This study highlights the need for co-designing menstrual interventions that consider genderdynamics and sexist attitudes with students, as well as targeting it to teachers. The provision of reusablemenstrual products can be helpful in promoting their use, although accompaniment should be provided.In parallel, it is crucial to strengthen menstrual education, as well as to reduce menstrual poverty andschool absenteeism during menstruation.</subfield>
   </datafield>
   <datafield ind2=" " ind1=" " tag="520">
      <subfield code="a">Este proyecto ha sido financiado por el Institut Català de les Dones, en el marco del Pla d’Equitat Menstrual (ICD-2022-150).</subfield>
   </datafield>
   <datafield ind1="8" ind2=" " tag="024">
      <subfield code="a">http://hdl.handle.net/11351/13456</subfield>
   </datafield>
   <datafield tag="653" ind2=" " ind1=" ">
      <subfield code="a">Menstruació</subfield>
   </datafield>
   <datafield tag="653" ind2=" " ind1=" ">
      <subfield code="a">Adolescents - Salut i higiene</subfield>
   </datafield>
   <datafield tag="653" ind2=" " ind1=" ">
      <subfield code="a">PHENOMENA AND PROCESSES::Reproductive and Urinary Physiological Phenomena::Reproductive Physiological Phenomena::Menstrual Cycle::Menstruation</subfield>
   </datafield>
   <datafield tag="653" ind2=" " ind1=" ">
      <subfield code="a">HEALTH CARE::Population Characteristics::Health::Adolescent Health</subfield>
   </datafield>
   <datafield tag="653" ind2=" " ind1=" ">
      <subfield code="a">FENÓMENOS Y PROCESOS::fenómenos fisiológicos reproductivos y urinarios::fenómenos fisiológicos de la reproducción::ciclo menstrual::menstruación</subfield>
   </datafield>
   <datafield tag="653" ind2=" " ind1=" ">
      <subfield code="a">ATENCIÓN DE SALUD::Características de la Población::salud::salud del adolescente</subfield>
   </datafield>
   <datafield ind2="0" ind1="0" tag="245">
      <subfield code="a">Experiencias menstruales y aceptabilidad de una intervención sobre equidad menstrual en adolescentes en Cataluña</subfield>
   </datafield>
   <datafield ind2="0" ind1="0" tag="245">
      <subfield code="a">Menstrual experiences and acceptability of a menstrual equity intervention among adolescents in Catalonia (Spain)</subfield>
   </datafield>
</record></metadata></record></GetRecord></OAI-PMH>